000 00489nam a2200181Ia 4500
008 090124s9999 xx 000 0 und d
082 _b29415
100 _aआवटे लीला
245 _a डॉ. रामन
250 _a0
260 _bलोकवाड्.मय गृह
_c1990
300 _a46
600 _aआवटे लीला
630 _a डॉ. रामन
700 _aआवटे लीला
730 _a डॉ. रामन
942 _cBOOK
999 _c96771
_d96771